00605nam a2200205Ia 4500003000400000005001700004008004100021020001900062040000700081041000800088082001600096100002700112245004600139260002000185300000900205650002200214942001300236999001900249952013100268OSt20251205101456.0250729s2005 xx 000 0 und d a978-8171418930 cAL aeng a372.25 NARS aNagaraju M T V9225720 aStudy habits of secondary school students aNew Delhic2005 a238p aEducation9225721 2ddccBED c237048d237048 00104070aALbALd2025-07-29eSita Book Houseg135.00l0o372.25 NARSpBED02367r2025-07-29 16:55:20v135.00w2025-07-29yBK